| 000 | 01185nam a2200253Ia 4500 | ||
|---|---|---|---|
| 999 |
_c36788 _d36788 |
||
| 001 | 2728 | ||
| 003 | GE_BSU | ||
| 005 | 20221027133136.0 | ||
| 008 | 181216s2014ru xx |||||||||||||| ||rus|| | ||
| 020 | _a9789941149702 | ||
| 040 | _cGE_BSU | ||
| 041 | _arus | ||
| 080 | _a271.222(479.22) (09) Д-40 | ||
| 100 |
_aДжапаридзе,Анания Митрополит. _915581 |
||
| 245 |
_aКраткая история грузинской апостольской светой церкви / _cАнания Джапаридзе, Ред.Константин Георгадзе, Мамукка Мацаберидзе |
||
| 250 | _a2-е изд. дор.и перер. | ||
| 264 |
_aТбилиси : _bТехнич. ун-т, _c2011. |
||
| 300 |
_a111 с.: _b20 см. |
||
| 653 | _aгрузинской апостольской светой церкви | ||
| 653 | _aსაქართველოს სამოციქულო წმიდა ეკლესია | ||
| 700 |
_aГеоргадзе, Константин _eრედაქტორი _915582 |
||
| 700 |
_aМацаберидзе, Мамукка _eრედაქტორი _915583 |
||
| 942 |
_cBK _2udc |
||